Программа по курсу... ... Высшей математике (Запись № 13494528)

Подробности
000 -МАРКЕР
контрольное поле 01150nam2a22002651 4500
001 - ИДЕНТИФИКАТОР ЗАПИСИ
контрольное поле RU\NLR\A1SV\157505
005 - ИДЕНТИФИКАТОР ВЕРСИИ
контрольное поле 20251214193235.0
035 ## - ДРУГИЕ СИСТЕМНЫЕ НОМЕРА
Идентификатор записи (NLR Aleph) 012595132
100 ## - ДАННЫЕ ОБЩЕЙ ОБРАБОТКИ
Данные общей обработки 20210906d1926 u y0rusy50 ca
101 0# - ЯЗЫК РЕСУРСА
Язык текста, звукозаписи и т.д. русский
200 1# - ЗАГЛАВИЕ И СВЕДЕНИЯ ОБ ОТВЕТСТВЕННОСТИ
Основное заглавие ... Высшей математике
Сведения, относящиеся к заглавию II курс
Первые сведения об ответственности Проф. Зылев
215 ## - ФИЗИЧЕСКАЯ ХАРАКТЕРИСТИКА
Специфическое обозначение материала и объем 4 с.
300 ## - ОБЩИЕ ПРИМЕЧАНИЯ
Текст примечания Изм. загл.: Программа лекций и групповых занятий по...
300 ## - ОБЩИЕ ПРИМЕЧАНИЯ
Текст примечания Авт. указан к конце текста
320 ## - ПРИМЕЧАНИЯ О НАЛИЧИИ В ДОКУМЕНТЕ БИБЛИОГРАФИИ / УКАЗАТЕЛЯ
Текст примечания Библиогр.: с.4
461 #1 - УРОВЕНЬ НАБОРА
Встроенное поле 001RU\NLR\A1SV\157494
Системный номер (АБИС) связанной записи 12564432
Автор Московский ин-т инженеров транспорта. Эксплуатационный факультет
Место публикации [М.]
Дата публикации [1926]
Первые сведения об ответственности МИИТ. Эксплуатац. фак.
Имя издателя, распространителя и т.д. Тип. "Чистая печать"
Сведения, относящиеся к заглавию (Авт.-сент. 1926 г.)
Заглавие Программа по курсу...
512 1# - ЗАГЛАВИЕ ОБЛОЖКИ
Заглавие обложки Программа лекций и групповых занятий по...
801 #0 - ИСТОЧНИК ЗАПИСИ
Страна Российская Федерация
Организация NLR
Дата составления 20210906
899 ## - ДАННЫЕ О МЕСТОНАХОЖДЕНИИ (устаревшее)
Местонахождение РГБ
899 ## - ДАННЫЕ О МЕСТОНАХОЖДЕНИИ (устаревшее)
Местонахождение РГБ
942 ## - ДОПОЛНИТЕЛЬНЫЕ ЭЛЕМЕНТЫ ЗАПИСИ (АБИС)
Тип экземпляра АБИС Книга
980 ## - КОЛЛЕКЦИЯ
Название коллекции Международный сводный каталог русской книги (1918-1926)
980 ## - КОЛЛЕКЦИЯ
Название коллекции Национальная библиография

Нет доступных экземпляров.